<?xml version="1.0" encoding="UTF-8"?>
<collection xmlns="http://www.loc.gov/MARC21/slim">
 <record>
  <leader>     na                 </leader>
  <controlfield tag="001">INLIS000000000002996</controlfield>
  <controlfield tag="005">20260402093048</controlfield>
  <datafield tag="035" ind1=" " ind2=" ">
   <subfield code="a">0010-0426000010</subfield>
  </datafield>
  <controlfield tag="007">ta</controlfield>
  <controlfield tag="008">260402                g          0 ind  </controlfield>
  <datafield tag="020" ind1=" " ind2=" ">
   <subfield code="a">978-602-72712-0-3</subfield>
  </datafield>
  <datafield tag="082" ind1=" " ind2=" ">
   <subfield code="a">959.8</subfield>
  </datafield>
  <datafield tag="084" ind1=" " ind2=" ">
   <subfield code="a">959.8 LAO e</subfield>
  </datafield>
  <datafield tag="100" ind1="0" ind2=" ">
   <subfield code="a">Laode Lalano S</subfield>
   <subfield code="e">Pengarang</subfield>
  </datafield>
  <datafield tag="245" ind1="1" ind2=" ">
   <subfield code="a">ENSIKLOPEDIA LINTAS SEJARAH INDONESIA #6 - PENGUATAN KARAKTER BANGSA :</subfield>
   <subfield code="b">Periode 2014 dalam Literasi Visual /</subfield>
   <subfield code="c">Laode Lalano S, Itok Isdianto, Moeflich Hasbullah, Nurul Fitry Azizah ; penyunting, Yanti Sriyulianti ; ilustrator, David Go, Didin Jahidin, Slamet Hariyadi, Andrianus kokok Rahardjo dkk</subfield>
  </datafield>
  <datafield tag="250" ind1=" " ind2=" ">
   <subfield code="a">Cetakan ke-3, Juni 2016</subfield>
  </datafield>
  <datafield tag="300" ind1=" " ind2=" ">
   <subfield code="a">101 halaman :</subfield>
   <subfield code="b">ilustrasi ;</subfield>
   <subfield code="c">28,5 cm</subfield>
  </datafield>
  <datafield tag="650" ind1=" " ind2="4">
   <subfield code="a">Sejarah Indonesia</subfield>
  </datafield>
  <datafield tag="650" ind1=" " ind2="4">
   <subfield code="a">Ensiklopedia</subfield>
  </datafield>
  <datafield tag="650" ind1=" " ind2="4">
   <subfield code="a">Literasi visual sejarah</subfield>
  </datafield>
  <datafield tag="700" ind1="0" ind2=" ">
   <subfield code="a">Itok Isdianto</subfield>
   <subfield code="e">Pengarang</subfield>
  </datafield>
  <datafield tag="700" ind1="0" ind2=" ">
   <subfield code="a">Moeflich Hasbullah</subfield>
   <subfield code="e">Pengarang</subfield>
  </datafield>
  <datafield tag="700" ind1="0" ind2=" ">
   <subfield code="a">Nurul Fitry Azizah</subfield>
   <subfield code="e">Pengarang</subfield>
  </datafield>
  <datafield tag="700" ind1="0" ind2=" ">
   <subfield code="a">Yanti Sriyulianti</subfield>
   <subfield code="e">Penyunting</subfield>
  </datafield>
  <datafield tag="700" ind1="0" ind2=" ">
   <subfield code="a">David Go</subfield>
   <subfield code="e">Ilustrator</subfield>
  </datafield>
  <datafield tag="700" ind1="0" ind2=" ">
   <subfield code="a">Didin Jahidin</subfield>
   <subfield code="e">Ilustrator</subfield>
  </datafield>
  <datafield tag="700" ind1="0" ind2=" ">
   <subfield code="a">Slamet Hariyadi</subfield>
   <subfield code="e">Ilustrator</subfield>
  </datafield>
  <datafield tag="700" ind1="0" ind2=" ">
   <subfield code="a">Andrianus kokok Rahardjo</subfield>
   <subfield code="e">Ilustrator</subfield>
  </datafield>
  <datafield tag="520" ind1=" " ind2=" ">
   <subfield code="a">Jilid keenam ini membahas periode 2014, awal pemerintahan Presiden Joko Widodo.&#13;
- Fokus pada penguatan karakter bangsa melalui program pendidikan, kebudayaan, dan pembangunan manusia.&#13;
- Menyoroti visi Nawacita, yang menekankan kedaulatan politik, kemandirian ekonomi, dan kepribadian dalam kebudayaan.&#13;
- Menggambarkan transformasi sosial dengan penekanan pada integritas, gotong royong, dan nasionalisme.&#13;
- Menjelaskan tantangan globalisasi dan bagaimana Indonesia berusaha memperkuat identitas bangsa di tengah arus modernisasi.&#13;
- Disajikan dengan literasi visual berupa infografis, ilustrasi, dan foto arsip untuk memudahkan pemahaman kronologi sejarah.</subfield>
  </datafield>
  <datafield tag="600" ind1=" " ind2="4">
   <subfield code="a">Laode Lalano S</subfield>
  </datafield>
  <datafield tag="264" ind1=" " ind2=" ">
   <subfield code="a">Jakarta :</subfield>
   <subfield code="b">Binar Cahaya Semesta,</subfield>
   <subfield code="c">2016</subfield>
  </datafield>
  <datafield tag="336" ind1=" " ind2=" ">
   <subfield code="2">rdacontent</subfield>
   <subfield code="a">teks</subfield>
  </datafield>
  <datafield tag="337" ind1=" " ind2=" ">
   <subfield code="2">rdamedia</subfield>
   <subfield code="a">tanpa perantara</subfield>
  </datafield>
  <datafield tag="338" ind1=" " ind2=" ">
   <subfield code="2">rdacarrier</subfield>
   <subfield code="a">volume</subfield>
  </datafield>
  <datafield tag="990" ind1=" " ind2=" ">
   <subfield code="a">7579</subfield>
  </datafield>
 </record>
</collection>
